| 000 | 00661cab a2200217 4500 | ||
|---|---|---|---|
| 001 | WB2627-03 | ||
| 008 | 090401t1990 xxu||||| |||| 00| 0 eng d | ||
| 035 | _a(Sirsi) u9361 | ||
| 041 | _aeng | ||
| 245 | _aHampshire structure plan | ||
| 260 | _c1990 | ||
| 350 | _a0 | ||
| 490 |
_aBuilding _vvol 255 no 7655 6/7/90 p11 |
||
| 520 | _aHampshire `s new county structure plan has angered housebuilders by proposing a smaller number of new houses than opponents of the plan feel is needed to meet indigenous growth. | ||
| 650 | _aDEVELOPMENT | ||
| 650 | _aHOUSING | ||
| 650 | _aPLANNING | ||
| 690 | _aBUILT ENVIRONMENT | ||
| 942 | _n0 | ||
| 948 | _c04/03/1997 | ||
| 999 |
_c5835 _d5835 |
||